Végétaux selon leurs feuilles - Statistiques

Statistiques générales
  • Ce quiz a été pris 182 fois
  • Le résultat moyen est 10 sur 20
Statistiques - réponses
Par images Réponse % Correct
menthe
95%
nénuphar
92%
bambou
89%
lierre
82%
ortie
82%
houx
80%
érable
74%
cannabis
72%
palmier
72%
basilic
70%
thym
67%
chêne
53%
fraisier
53%
épicéa
52%
bananier
50%
épinard
49%
laurier
47%
marronier
44%
framboisier
43%
hêtre
43%
rhubarbe
41%
blette
39%
sauge
38%
vigne
37%
platane
32%
ginkgo
27%
tilleul
26%
eucalyptus
22%
bouleau
18%
gui
17%
lotus
14%
rosier
14%
Aucun quiz correspondant
Distribution des résultats
% des personnes avec chaque résultat
Percentile par nombre de réponses
Votre historique - résultats
Vous n’avez pas pris ce quiz